000 00614nam a22001937a 4500
999 _c191560
_d191560
005 20220829170631.0
010 _aENG-134767
020 _c150.00
035 _aEN-118299
037 _bDBAD/PUB
082 _a649.1
100 _aPadalkar, Jyotsna
245 _aGrowing up happily/
_cJyotsna padalkar; translated by Latika D. padalkar
260 _aPune
_bAjit R. Padalkar
_c2012
270 _aPadalkar pediatric hospital near nal stip, karve road
_bpune
_e411004
_k02025448046
300 _a169 p.
_c22cm(pbk)
_bBibliography
700 _aPadalkar, Latika D.
942 _2ddc
_cEN
_h649.1
_mPAD